000
00338 a2200169 4500
001
175436
020
_a
85-16-01749-4
040
_c
Magnum
100
_a
Brito, Elias Avancini de
240
1
0
_a
Biologia 2
_l
por
245
1
0
_a
Biologia 2
300
_a
655
362
0
_a
1997
440
1
_a
Moderna
697
_a
BIOLOGIA
942
_c
BK
999
_c
175436
_d
175436